| 000 | 00720nam a22002537a 4500 | ||
|---|---|---|---|
| 001 | 0011705 | ||
| 003 | DO-SdBNP | ||
| 005 | 20180201143600.0 | ||
| 007 | 0011705 | ||
| 008 | 161101b 1977 sp ||| 00| 0 spa d | ||
| 020 | _a8471890968 | ||
| 040 |
_aBPMSU _bspa _cBPMSU |
||
| 082 |
_axxxxxxxx _bxxxxxxxx |
||
| 100 | 1 | _aHodgson Burnett, Frances | |
| 245 | 1 | 3 |
_aEl pequeño lord / _cFrances Hodgson Burnett ; traductor José Félix |
| 260 |
_aMadrid : _bEdival, _c199?. |
||
| 300 |
_a203 p. : _c25 cm. |
||
| 490 | 1 | _aClásicos de la juventud | |
| 700 | 1 |
_aFélix, José, _etr. |
|
| 830 | 0 | _aClásicos de la juventud | |
| 942 |
_2ddc _cBK |
||
| 945 | _aInventariado, 2018/ YL | ||
| 956 |
_aBTAVÁREZ _b10 _c20161101 _d0011705 |
||
| 999 |
_c11744 _d11744 |
||